000 00469nam a2200181Ia 4500
003 OSt
005 20260106114807.0
008 210210b1950 xxu||||| |||| 00| 0 eng d
040 _cAL
041 _aKannada
082 _a859/1576
100 _aRAMARAV (M)
_9155922
_dರಾಮರಾವ್ (ಎಂ).
245 _aSevakaratna:
_bಸೇವಕರತ್ನ
260 _aBengaluru
_b-
_c1950
690 _aKannada Fiction
_9155923
906 _a022303
942 _2ddc
_cBK
999 _c146603
_d146603